Riconosci il Pokémon - Quiz n°876 - Statistics

Statistiche generali
  • Questo quiz è stato fatto 5 volte
  • Il punteggio medio è 7 su 10
Statistiche sulle risposte
Indizio Risposta % Corretto
Tipo Drago
100%
Stadio evoluzione Prima evoluzione
100%
Generazione Quinta
100%
Abilità Antagonismo; Rompiforma; Agitazione
80%
Altezza 1,0 m
60%
Peso 36,0 kg
60%
Sesso 50% ♂, 50% ♀
60%
Tasso di cattura 60 (14.8%)
60%
Pokémon Fraxure
60%
Tasso di allevamento Lento
60%
Nessun quiz corrispondente trovato
Distribuzione punteggi
Percentuale di utenti per punteggio
Percentile per numero di risposta
I tuoi punteggi nel tempo
Non hai fatto questo quiz